000
00206 a2200097 4500
001
11665
100
_a
Jane's
245
_a
Jane's electro optic systems 95-96
260
_a
_b
Janes
_c
090
_c
8975
_d
8975
942
_a
NUST-CAE
_c
M
_c
35794
999
_c
246738
_d
246738